Landen die de meeste veldslagen hebben gewonnen - Statistieken

Algemene statistieken
  • Deze quiz is 2.272 keer genomen
  • De gemiddelde score is 20 van 28
Antwoordstatistieken
Slagen Gewonnen Antwoord % Correct
1115 Frankrijk
98%
560 Duitsland / Pruisen / HRR
97%
491 Rusland / Sovjet-Unie
97%
833 Verenigde Staten
96%
114 Nederland
95%
387 Spanje
95%
1105 Verenigd Koninkrijk
95%
244 China
93%
132 Italië
92%
110 Portugal
89%
183 Japan
87%
82 Canada
80%
344 Polen
78%
210 Turkije / Ottomaanse Rijk
78%
89 Griekenland
76%
93 India / Mogolrijken
75%
165 Zweden
75%
209 Oostenrijk
73%
137 Australië
71%
102 Iran / Perzische Rijken
66%
92 Mongolië
66%
79 Denemarken
64%
76 Egypte
60%
78 Korea
34%
259 Romeinse Rijk
17%
107 Byzantijnse Rijk
4%
128 Geconfedereerde Staten
4%
108 Islamitische Kalifaten
3%
Geen overeenkomende quizzen gevonden
Scoreverdeling
Procent van Mensen met Elke Score
Percentiel versus Aantal Correcte Antwoorden
Uw Scoregeschiedenis
U heeft deze quiz nog niet genomen